Surveyors predict fall (Record no. 69993)
[ view plain ]
| 000 -LEADER | |
|---|---|
| fixed length control field | 01110cam a2200217 4500 |
| 001 - CONTROL NUMBER | |
| control field | WB3814-25 |
| 008 - FIXED-LENGTH DATA ELEMENTS--GENERAL INFORMATION | |
| fixed length control field | 020416n2002 000 0 eng u |
| 035 ## - SYSTEM CONTROL NUMBER | |
| System control number | (Sirsi) u117525 |
| 245 ## - TITLE STATEMENT | |
| Title | Surveyors predict fall |
| 260 ## - PUBLICATION, DISTRIBUTION, ETC. | |
| Date of publication, distribution, etc. | 2002 |
| 490 ## - SERIES STATEMENT | |
| Series statement | RICS Scotland News Release |
| Volume/sequential designation | 12 April 2002, (2) |
| 520 ## - SUMMARY, ETC. | |
| Summary, etc. | Proposed Agricultural Holdings legislation that will give tenants the right to buy may prove problematic according to RICS Scotland. Head of Scotland's Rural Faculty Board argues the farm lettings market may decline dramatically if tenants are given new rights despite the initial attractions of the scheme. RICS recommends that to increase the amount of let land restrictions should be removed and consideration given to more flexible types of lease. For RICS Scotland Press Release: http://www.rics-scotland.org.uk/rics_media.html |
| 590 ## - LOCAL NOTE (RLIN) | |
| Local note | WB |
| 650 ## - SUBJECT ADDED ENTRY--TOPICAL TERM | |
| Topical term or geographic name entry element | AGRICULTURAL HOLDINGS |
| 650 ## - SUBJECT ADDED ENTRY--TOPICAL TERM | |
| Topical term or geographic name entry element | RURAL FACULTY BOARD |
| 650 ## - SUBJECT ADDED ENTRY--TOPICAL TERM | |
| Topical term or geographic name entry element | ABOUT RICS-RICS MEMBERS |
| 650 ## - SUBJECT ADDED ENTRY--TOPICAL TERM | |
| Topical term or geographic name entry element | SCOTTISH EXECUTIVE |
| 650 ## - SUBJECT ADDED ENTRY--TOPICAL TERM | |
| Topical term or geographic name entry element | LIMITED DURATION TENANCIES |
| 690 ## - LOCAL SUBJECT ADDED ENTRY--TOPICAL TERM (OCLC, RLIN) | |
| Topical term or geographic name as entry element | RURAL-AGRICULTURE AND FORESTRY |
| 942 ## - ADDED ENTRY ELEMENTS (KOHA) | |
| Suppress in OPAC | 0 |
| Withdrawn status | Lost status | Source of classification or shelving scheme | Damaged status | Not for loan | Home library | Current library | Shelving location | Date acquired | Total Checkouts | Full call number | Barcode | Date last seen | Copy number | Price effective from | Koha item type |
|---|---|---|---|---|---|---|---|---|---|---|---|---|---|---|---|
| Dewey Decimal Classification | London | London | News article | 16/04/2002 | WB3814-25 | 117525-1001 | 06/08/2019 | 1 | 06/08/2019 | News article |